000 00496nam a2200157Ia 4500
008 210716s2019 xx 000 0 und d
020 _a9788126578542
041 _aeng
082 _a657.3 REEM
100 _aRees, Michael.
245 _aPrinciples of financial modelling: model design and best practices using excel and VBA.
_bModel design and best practices using excel and VBA.
250 _a1
260 _aNew Delhi
_bWiley India Pvt Ltd
_c2019
300 _axxix,512
650 _aFinance
999 _c210818
_d210818